000 01562nam a2200373 a 4500
999 _c49547
_d49547
003 BLK
005 20250214144409.0
008 180408b bul|||||r ||||||| ||bul||
010 _aKNG00053403000
020 _a954-445-141-2
040 _aBLK
041 _aBUL
_cBUL
080 _aНемска литература
_b821.112.2
_x-96
_z821.112.2-96
100 1 _aНицше, Фридрих
_eпърви автор
_9282618
139 _aНицше, Фридрих
_bН 83
245 1 0 _aЧовешко, твърде човешко
_bКнига за свободните духове
_cФридрих Ницше; прев. от нем. Донка Илинова.
_nТ. 2
257 _aDEU
260 _aСофия
_bХристо Ботев
_c1993 -
_9210116
_n978-954-445-
300 _c20 см
380 _aX
490 _aПоредица Философия на духа
_9202172
500 _aОриг. загл. Menschliches, Allzumenschliches / Friedrich Nietzsche.
653 _aфилософска литература
700 1 _aИлинова, Донка
_eпрев. от нем.
_9368400
720 _aТ. 1 -
_eпаралелен автор
760 1 _aНицше, Фридрих
_dХристо Ботев, 1993
_h320 с.
_n10 000 тир.
_tТ. 2
852 _aЦб 173880
_bЦб
856 4 _qpdf
_i0.00
_ldisable
856 4 _qpdf
_i0.00
_ldisable
942 _cKNG
_n0
_09
_s1
944 _aCR
_c20.01.2017
_lМартин Енчев
_k30575
944 _aED
_c14.07.2017
_lф /
_kЛюдмила_Стоянова
999 _d49547